| Tag |
First Indicator |
Second Indicator |
Subfields |
| LEADER |
00000cam a2200000 a 4500 |
| 001 |
in00000007085 |
| 005 |
20151004080026.0 |
| 008 |
870827s1987 nyua b i00000 eng d |
| 020 |
|
|
|a 9211231078 (pbk.)
|
| 035 |
|
|
|a (OCoLC)16572252
|
| 035 |
|
|
|9 AAA1554AM
|
| 040 |
|
|
|a MTH
|c MTH
|d TXA
|d UtOrBLW
|
| 043 |
|
|
|a d------
|
| 049 |
|
|
|a TXAM
|c [A12577515]
|
| 050 |
|
4 |
|a HD87.5
|b .G83 1987
|
| 245 |
0 |
0 |
|a Guidelines for development planning :
|b procedures, methods and techniques /
|c Department of Technical Co-operation for Development.
|
| 264 |
|
1 |
|a New York :
|b United Nations,
|c 1987.
|
| 300 |
|
|
|a viii, 118 pages :
|b illustrations ;
|c 28 cm.
|
| 336 |
|
|
|a text
|b txt
|2 rdacontent
|
| 337 |
|
|
|a unmediated
|b n
|2 rdamedia
|
| 338 |
|
|
|a volume
|b nc
|2 rdacarrier
|
| 500 |
|
|
|a "This publication was drafted by the staff of the Development Administration Division, Department of Technical Co-operation for Development ..."--P. iv.
|
| 500 |
|
|
|a "United Nations publication. Sales Number E.87.II.H.1."--Title page verso.
|
| 504 |
|
|
|a Bibliography: pages 108-118.
|
| 500 |
|
|
|a "ST/TCD/SER.E/5."
|
| 650 |
|
0 |
|a Planning
|z Developing countries.
|
| 650 |
|
0 |
|a Economic development.
|
| 651 |
|
0 |
|a Developing countries
|x Economic policy.
|
| 710 |
2 |
|
|a United Nations.
|b Department of Technical Cooperation for Development.
|b Development Administration Division.
|
| 999 |
|
|
|a MARS
|
| 999 |
f |
f |
|s 2ad3d5de-ab59-387c-a6da-f75b7fc03f6a
|i 06a10707-2e9a-380f-938d-a05c0db06482
|t 0
|
| 952 |
f |
f |
|p ric
|a Texas A&M University
|b Rellis Campus
|c Joint Library Facility
|d Remote Storage
|t 0
|e HD87.5 .G83 1987
|h Library of Congress classification
|i unmediated -- volume
|m A14812577515
|
| 998 |
f |
f |
|a HD87.5 .G83 1987
|t 0
|l Remote Storage
|